000 00292 a2200145 4500
001 44917
020 _a
040 _cAnchieta - Aquarius
240 1 0 _a#O leão e o rato
_lpor
245 1 0 _a#O leão e o rato
300 _a16
362 0 _a0
650 4 _aLiteratura infantil
942 _cBK
999 _c44917
_d44917